| 000 | 00940nam a22002297a 4500 | ||
|---|---|---|---|
| 999 |
_c63678 _d63678 |
||
| 005 | 20251208142653.0 | ||
| 008 | 251208s2018 ge ||||| |||| 00| 0 eng d | ||
| 041 | _aeng | ||
| 080 | _a77(479.22)(092) K-43 | ||
| 100 |
_aKiknadze, Eteri _926377 |
||
| 245 |
_aDer Imaginäre Blick : _bBeso Uznadzes Porträts / _c Eteri Kiknadze; Lektorat Konrad Krämer. |
||
| 264 |
_a[Warszawa] : _b PWN, _c2018. |
||
| 300 |
_a108 p. : _bphot. ; _c25 cm. |
||
| 521 |
_aბიბლიოგრაფია: გვ. 104-107. _b |
||
| 653 | _aUznadze, Beso, 1968 | ||
| 653 | _aუზნაძე, ბესო, 1968 | ||
| 653 | _aქართველი ფოტოგრაფები | ||
| 653 | _aქართული მხატვრული ფოტოგრაფია | ||
| 700 |
_aUznadze, Beso _eფოტოგრაფი _926378 |
||
| 700 |
_aKrämer, Konrad _e რედაქტორი _926379 |
||
| 942 |
_2udc _cᲬᲘᲒᲜᲘ |
||